رجع الصدى لحكم وأقوال العارفين / (رقم التسجيلة. 247886)

تفاصيل مارك
000 -الفاتح
عناصر البيانات ثابتة الطول 00831nam a22002297i 4500
005 - تاريخ ووقت آخر معاملة
حقل ضبط 20260330102846.0
008 - عناصر البيانات ثابتة الطول
عناصر البيانات ثابتة الطول 250906s2025 jo ||||gr|||| 00| 0 ara d
040 ## - مصدر الفهرسة
هيئة الفهرسة الأصلية JO-AmGAM
قواعد الوصف rda
082 14 - رقم تصنيف ديوي العشري
رقم التصنيف 211.87
رقم المادة ص ا ل
100 1# - مدخل رئيسي – اسم شخصي
الاسم الشخصي الصالحي، عدنان عبد الرحمن بكر
علاقة الشخص بالعمل/ دوره مؤلف.
245 10 - بيان العنوان
العنوان رجع الصدى لحكم وأقوال العارفين /
بيان المسؤولية الأستاذ عدنان الصالحي.
250 ## - بيان الطبعة
بيان الطبعة الطبعة الأولى.
264 31 - بيانات النشر، التوزيع…إلخ
مكان النشر، التوزيع...إلخ عمان :
اسم الناشر، الموزع...إلخ عدنان عبد الرحمن بكر الصالحي،
تاريخ النشر، التوزيع...إلخ 2025.
300 ## - الوصف المادي
عدد الوحدات المكونة للوعاء 508 صفحة.
336 ## - نوع المحتوى
المصدر rdacontent
مصطلح نوع المحتوى نص
كود نوع المحتوى txt
337 ## - نوع الوسيط
المصدر rdamedia
مصطلح نوع الوسيط دون وسيط عرض
كود نوع الوسيط n
338 ## - نوع الحامل
المصدر rdacarrier
مصطلح نوع الحامل مجلد
كود نوع الحامل nc
650 ## - مدخل إضافي بالموضوع - مصطلح موضوعي
مصطلح موضوعي أو اسم جغرافي كعنصر مدخل الحكم.
650 ## - مدخل إضافي بالموضوع - مصطلح موضوعي
مصطلح موضوعي أو اسم جغرافي كعنصر مدخل الأقوال المأثورة.
942 ## - بيانات إضافية (كوها)
نوع التنصيف Dewey Decimal Classification
نوع المادة (كوها) كتب
المقتنيات
حالة السحب حالة الفقدان مصدر التصنيف حالة التلف غير قابل للإعارة المكتبة الرئيسية المكتبة الحالية موقع الرف تاريخ التزويد مصدر التزويد العملة التكلفة، سعر الشراء العادي الرقم المتسلسل Total Checkouts رقم الإستدعاء الباركود تاريخ آخر ظهور التكلفة وسعر الاستبدال تاريخ الفاتورة نوع المادة (كوها)
    Dewey Decimal Classification     المكتبة المركزية المكتبة المركزية الإعارة 24/02/2026 96 JOD 0.00 1800520   211.87 / ص ا ل PLD00930274 24/02/2026 0.00 24/02/2026 كتب
    Dewey Decimal Classification     مكتبة الأميرة ايمان العامة مكتبة الأميرة ايمان العامة الإعارة 24/02/2026 96 JOD 0.00 1800521   211.87 / ص ا ل PLD00930275 24/02/2026 0.00 24/02/2026 كتب
Implemented & Customized by: BBB with SCIT (Smart Chains for Information Technology)

Powered by Koha